000 00323 a2200157 4500
001 190850
020 _a85-7185-003-8
040 _cMagnum
100 _aNóbrega, Francisca
240 1 0 _aCadê Filó?
_lpor
245 1 0 _aCadê Filó?
300 _a18
362 0 _a1989
697 _aLITERATURA INFANTIL
942 _cBK
999 _c190850
_d190850